L'histoire litteraire : theories methodes pratiques

Αποθηκεύτηκε σε:
Λεπτομέρειες βιβλιογραφικής εγγραφής
Άλλοι συγγραφείς: Moisan, Clement (Διευθυντής)
Μορφή: Βιβλίο
Γλώσσα:French
Δημοσίευση: Quebec : Les Presses de l'Universite Laval, 1989.
Θέματα:
Ετικέτες: Προσθήκη ετικέτας
Δεν υπάρχουν, Καταχωρήστε ετικέτα πρώτοι!

MARC

LEADER 00000cam a2200000 i 4500
001 1/102699
008 000228s1989 cn | ||| |||| ||fre||
020 |a 2763771890 
035 |l 10058187 
040 |a GR-MyUA  |b gre  |e AACR2 
041 0 |a fre 
082 0 |a 809 
245 1 0 |a L'histoire litteraire :   |b theories methodes pratiques /   |c sous la direction de Clement Moisan.  
260 |a Quebec :   |b Les Presses de l'Universite Laval,   |c 1989.  
300 |a 284 σ.  
650 0 0 |a Literature  |x History and criticism  |x Congresses. 
650 0 0 |a Criticism  |x History. 
650 0 0 |a Literature and history. 
700 1 |a Moisan, Clement,  |e drt 
767 0 8 |i Μεταφρασμένο ως:   |t Η λογοτεχνική ιστορία /  
852 |a INST  |b RHODES  |e 20000316  |h 809 MOI  |p 005400013741  |q 005400013741  |t BK  |y 0 
852 |a INST  |b RHODES  |e 20000228  |h 809 MOI  |p 005400013839  |q 005400013839  |t BK  |y 0 
901 |a BIBL4-2000-1 
909 |a Ρ  |b 073112 
909 |a Ρ  |b 057410 
922 |a 4ΕΛΗ  |b 199912  |c ΚΠΣ/154  |d GLORY BOOKS 
970 |a ΚΟΥΛΑΚΙΟΤΗ  |b ΛΙΤΣΑ  |z 2000/02/28